[Event "C.to Provinciale PR"]
[Site "Salsomaggiore Terme ITA"]
[Date "2016.03.19"]
[Round "2"]
[White "Plucani, Germano"]
[Black "Salati, Paolo"]
[WhiteElo "1415"]
[BlackElo "1776"]
[Result "1-0"]
[PlyCount "97"]
[EventDate "2016.03.18"]

1. Nf3 d5 2. c4 Nf6 3. b3 g6 4. Bb2 Bg7 5. g3 O-O 6. Bg2 Nc6 7. cxd5 Nxd5 8.
Bxg7 Kxg7 9. Nc3 Nxc3 10. dxc3 f6 11. O-O e5 12. Qxd8 Rxd8 13. Rfd1 Be6 14. Ne1
Rxd1 15. Rxd1 Rd8 16. Rxd8 Nxd8 17. Nd3 b6 18. Nb4 c5 19. Nc6 Nxc6 20. Bxc6 Kf7
21. c4 Ke7 22. e4 Bg4 23. Kg2 Bd1 24. f4 Kd6 25. Bb5 Bc2 26. Kf3 Bb1 27. a3 a5
28. Ba4 Bc2 29. Ke3 Ke6 30. Kf3 f5 31. exf5+ gxf5 32. fxe5 Kxe5 33. Ke3 h6 34.
h3 Bd1 35. Kd3 f4 36. gxf4+ Kxf4 37. Kd2 Bf3 38. Bd7 h5 39. Kc3 h4 40. b4 Kg3
41. bxc5 bxc5 42. Kb3 Bd1+ 43. Kc3 Kf3 44. Bg4+ Kg3 45. Bxd1 Kxh3 46. Bf3 Kg3
47. Bd5 h3 48. Kb3 h2 49. Ka4 1-0

[Event "C.to Provinciale PR"]
[Site "Salsomaggiore Terme ITA"]
[Date "2016.03.19"]
[Round "2"]
[White "Scotti, Luigi"]
[Black "Cripotos, Demetrio"]
[WhiteElo "1433"]
[BlackElo "1835"]
[Result "0-1"]
[PlyCount "62"]
[EventDate "2016.03.18"]

1. Nf3 d5 2. c4 d4 3. d3 Nc6 4. g3 e5 5. Bg2 Be7 6. O-O Nf6 7. Nbd2 O-O 8. h3
Bd7 9. Ng5 h6 10. Nge4 Nxe4 11. Nxe4 Qc8 12. Kh2 f5 13. Nd2 Bd6 14. e4 f4 15.
Nf3 Qe8 16. Bd2 Qh5 17. Nh4 Qxd1 18. Raxd1 g5 19. Nf3 Kh7 20. a3 a5 21. Rc1 b6
22. g4 Rg8 23. Rh1 Kg6 24. Rhg1 Rh8 25. Rh1 Rh7 26. Rhg1 Rah8 27. Bf1 Be7 28.
Rb1 h5 29. gxh5+ Rxh5 30. b4 Bxh3 31. b5 Bxf1+ 0-1

[Event "C.to Provinciale PR"]
[Site "Salsomaggiore Terme ITA"]
[Date "2016.03.19"]
[Round "2"]
[White "Zuccaro, Guido"]
[Black "De Santis, Alessio"]
[WhiteElo "1724"]
[BlackElo "2306"]
[Result "0-1"]
[PlyCount "98"]
[EventDate "2016.03.18"]

1. c4 b5 2. b3 bxc4 3. bxc4 e5 4. Nc3 Nf6 5. Nf3 Nc6 6. e3 Bb4 7. Nd5 a5 8. a3
Bd6 9. d3 O-O 10. Be2 Re8 11. O-O Bf8 12. Qc2 d6 13. Bb2 Bd7 14. Bc3 Nxd5 15.
cxd5 Ne7 16. e4 c6 17. dxc6 Nxc6 18. d4 Rc8 19. Qd3 Bg4 20. d5 Nb8 21. Qd2 Rc5
22. Rfc1 Be7 23. Qd3 Nd7 24. Bd2 f5 25. exf5 e4 26. Qxe4 Bf6 27. Qxg4 Bxa1 28.
Rxa1 Nf6 29. Qa4 Rxe2 30. Be3 Rc8 31. Nd4 Rb2 32. Ne6 Qe8 33. Qxa5 Qb5 34. Qxb5
Rxb5 35. a4 Ra8 36. Nc7 Rxa4 37. Rc1 Rbb4 38. Rd1 Rb7 39. Ne6 Nxd5 40. h3 Nxe3
41. fxe3 Rb6 42. Nd4 Ra2 43. Nf3 Rbb2 44. Nh4 Rd2 45. Rb1 Kf7 46. Rb7+ Kf6 47.
Kh2 g5 48. fxg6 hxg6 49. Kg3 g5 0-1

[Event "C.to Provinciale PR"]
[Site "Salsomaggiore Terme ITA"]
[Date "2016.03.19"]
[Round "3"]
[White "Azzolini, Saulo"]
[Black "Mantovani, Celso"]
[WhiteElo "1440"]
[BlackElo "1221"]
[Result "1-0"]
[PlyCount "49"]
[EventDate "2016.03.18"]

1. e4 c6 2. d4 e6 3. c4 h6 4. Nf3 Be7 5. Nc3 d6 6. b4 Bd7 7. Qb3 Na6 8. Bb2 Nf6
9. Be2 c5 10. b5 Nc7 11. O-O O-O 12. dxc5 dxc5 13. e5 Nh7 14. Rfd1 b6 15. Ne4
Qe8 16. Nd6 Qd8 17. Qd3 Kh8 18. Qe4 Rb8 19. Bd3 g6 20. Qf4 a5 21. Qxh6 Ne8 22.
h4 Nxd6 23. exd6+ Bf6 24. Ng5 Kg8 25. Qxh7# 1-0

[Event "C.to Provinciale PR"]
[Site "Salsomaggiore Terme ITA"]
[Date "2016.03.19"]
[Round "3"]
[White "Balestra, Stefano"]
[Black "Panizzi, Giuseppe"]
[WhiteElo "1724"]
[BlackElo "2091"]
[Result "1/2-1/2"]
[PlyCount "60"]
[EventDate "2016.03.18"]

1. d4 d5 2. Bf4 Nf6 3. e3 e6 4. Nd2 c5 5. c3 Nc6 6. Be2 Bd6 7. Bg3 cxd4 8. exd4
O-O 9. Ngf3 Re8 10. Ne5 Bxe5 11. dxe5 Nd7 12. Nf3 Qb6 13. Qd2 Nf8 14. O-O Bd7
15. Rab1 Ne7 16. Bd3 Bb5 17. Bxb5 Qxb5 18. Nd4 Qb6 19. Rfe1 Rac8 20. Re3 Rc7
21. Rf3 Nc6 22. Nxc6 bxc6 23. h4 Rb7 24. h5 Qc5 25. h6 gxh6 26. Qxh6 Ng6 27.
Bf4 Qf8 28. Qg5 Qg7 29. Qh5 Reb8 30. b3 a5 1/2-1/2

[Event "C.to Provinciale PR"]
[Site "Salsomaggiore Terme ITA"]
[Date "2016.03.19"]
[Round "3"]
[White "Boasso, Andrea"]
[Black "Zuccaro, Guido"]
[WhiteElo "1440"]
[BlackElo "1724"]
[Result "0-1"]
[PlyCount "82"]
[EventDate "2016.03.18"]

1. e4 e6 2. d4 d5 3. Nc3 Bb4 4. Bd3 dxe4 5. Bxe4 Nf6 6. Bf3 O-O 7. Nge2 c6 8.
Bg5 Nbd7 9. Qd3 Qa5 10. Bf4 Nd5 11. O-O Nxf4 12. Nxf4 Qg5 13. Nh3 Qh4 14. Rfe1
Rd8 15. Re4 Qh6 16. Qe2 Nf6 17. Re3 Rxd4 18. Rd3 Rxd3 19. Qxd3 Nd5 20. Rd1 Qf6
21. Ne2 Qxb2 22. Ng5 g6 23. Qe4 Kg7 24. h4 Nf6 25. Qf4 h6 26. Nh3 Nd5 27. Qg3
Be7 28. h5 g5 29. Be4 f5 30. Bd3 Kf7 31. f4 g4 32. Nf2 Nf6 33. Qh2 Qb6 34. Kf1
Qe3 35. Re1 Bb4 36. c3 Bc5 37. g3 Qf3 38. Nd4 Bxd4 39. cxd4 Nd5 40. Qh4 Bd7 41.
Rb1 Ne3+ 0-1

[Event "C.to Provinciale PR"]
[Site "Salsomaggiore Terme ITA"]
[Date "2016.03.19"]
[Round "3"]
[White "Cremonini, Stefano"]
[Black "Magri, Leonardo"]
[WhiteElo "1558"]
[BlackElo "1733"]
[Result "0-1"]
[PlyCount "83"]
[EventDate "2016.03.18"]

1. d4 d5 2. Nf3 Bf5 3. e3 e6 4. c4 c6 5. Qb3 Qb6 6. Bd2 Bxb1 7. Rxb1 Nd7 8. Bd3
Ngf6 9. O-O g6 10. Rfc1 Bg7 11. cxd5 Nxd5 12. Qxb6 axb6 13. a3 O-O 14. e4 N5f6
15. Rc4 Rfd8 16. Rbc1 Nc5 17. dxc5 Rxd3 18. Bc3 b5 19. Rd4 Rxd4 20. Bxd4 Nxe4
21. Bxg7 Kxg7 22. Kf1 Rd8 23. Ke2 Rd5 24. b4 f5 25. Rc2 Kf6 26. h4 h6 27. Ke3
e5 28. g3 Ke6 29. Ng1 Nf6 30. Ne2 Ng4+ 31. Kf3 Rd3+ 32. Kg2 Nf6 33. Rc3 Rd2 34.
Kf1 g5 35. Ke1 Ra2 36. Rd3 Ra1+ 37. Kd2 Nd5 38. Nc3 e4 39. Rd4 Ke5 40. Ne2 Ra2+
41. Ke1 Rxe2+ 42. Kxe2 0-1

[Event "C.to Provinciale PR"]
[Site "Salsomaggiore Terme ITA"]
[Date "2016.03.19"]
[Round "3"]
[White "Cripotos, Demetrio"]
[Black "Peloni, Davide"]
[WhiteElo "1835"]
[BlackElo "1618"]
[Result "1-0"]
[PlyCount "56"]
[EventDate "2016.03.18"]

1. e4 c6 2. d4 d5 3. Nc3 dxe4 4. Nxe4 Nd7 5. Bc4 Ngf6 6. Nxf6+ Nxf6 7. Nf3 Bf5
8. Be3 e6 9. O-O Bd6 10. Bg5 O-O 11. c3 Be7 12. Nh4 Be4 13. Nf3 Bd5 14. Bd3 Ne4
15. Bxe7 Qxe7 16. c4 Nf6 17. cxd5 Nxd5 18. Qb3 Rad8 19. Bc4 Nf4 20. Qe3 Qf6 21.
Qe5 Qh6 22. Rad1 g6 23. Qg5 Qxg5 24. Nxg5 b5 25. g3 Nh5 26. Bxe6 Rd6 27. Bb3
Nf6 28. Rfe1 Rfd8 1-0

[Event "C.to Provinciale PR"]
[Site "Salsomaggiore Terme ITA"]
[Date "2016.03.19"]
[Round "3"]
[White "De Santis, Alessio"]
[Black "Brini, Alessandro"]
[WhiteElo "2306"]
[BlackElo "1760"]
[Result "1-0"]
[PlyCount "39"]
[EventDate "2016.03.18"]

1. d4 d5 2. c4 c6 3. Nc3 Nf6 4. e3 e6 5. Nf3 Nbd7 6. Bd3 Bd6 7. e4 dxe4 8. Nxe4
Nxe4 9. Bxe4 Nf6 10. Bc2 O-O 11. O-O b5 12. c5 Bc7 13. Bg5 h6 14. Bh4 Qd5 15.
Qd3 g5 16. Bg3 Bxg3 17. fxg3 Kg7 18. Ne5 Rd8 19. Rxf6 Kxf6 20. Qf1+ 1-0

[Event "C.to Provinciale PR"]
[Site "Salsomaggiore Terme ITA"]
[Date "2016.03.19"]
[Round "3"]
[White "De Simone Sorrentino, Fabio"]
[Black "Brogneri, Giovanni"]
[WhiteElo "1679"]
[BlackElo "1843"]
[Result "0-1"]
[PlyCount "132"]
[EventDate "2016.03.18"]

1. e4 c5 2. Nf3 d6 3. d4 cxd4 4. Nxd4 Nf6 5. Nc3 a6 6. f3 e5 7. Nb3 Be7 8. Be3
Qc7 9. Bd3 Be6 10. O-O Nbd7 11. h3 b5 12. a3 Nb6 13. Nd2 d5 14. exd5 Nbxd5 15.
Nxd5 Nxd5 16. Bf2 Nf4 17. Be4 Rd8 18. Be3 Bc5 19. Qe1 f5 20. Bd3 Nxd3 21. cxd3
Rxd3 22. Bxc5 Qxc5+ 23. Kh1 Qd4 24. Rf2 O-O 25. Re2 Bf7 26. Nf1 Re8 27. Rc1 Bc4
28. Ne3 g6 29. Nxc4 bxc4 30. Rec2 Rc8 31. Rc3 e4 32. fxe4 fxe4 33. b3 Rxc3 34.
Rxc3 Kg7 35. Qc1 h6 36. bxc4 Rc5 37. Kh2 a5 38. a4 g5 39. Kh1 Kg6 40. Kh2 h5
41. Kh1 g4 42. h4 Qf2 43. g3 Re5 44. Re3 Qf6 45. c5 Qc6 46. Qc2 Kf5 47. Qf2+
Ke6 48. Qc2 Kd7 49. Qc4 Rxc5 50. Qxe4 Rc4 51. Qxc6+ Kxc6 52. Re6+ Kc5 53. Re5+
Kb4 54. Rxh5 Kxa4 55. Re5 Kb4 56. h5 a4 57. Re2 a3 58. h6 Rc6 59. Re4+ Kb3 60.
Re3+ Kb2 61. Re2+ Kc1 62. Rh2 Rc8 63. h7 Rh8 64. Kg1 Kb1 65. Kf1 a2 66. Re2
a1=Q 0-1

[Event "C.to Provinciale PR"]
[Site "Salsomaggiore Terme ITA"]
[Date "2016.03.19"]
[Round "3"]
[White "Donelli, Sergio"]
[Black "Paoli, Walter"]
[WhiteElo "1506"]
[BlackElo "1947"]
[Result "0-1"]
[PlyCount "76"]
[EventDate "2016.03.18"]

1. d4 d5 2. Bf4 Nf6 3. e3 c6 4. Nf3 Qb6 5. b3 Bf5 6. Bd3 Bxd3 7. cxd3 e6 8. O-O
Nbd7 9. Nbd2 Be7 10. Rc1 O-O 11. e4 a5 12. Bg3 h6 13. exd5 Nxd5 14. Nc4 Qa6 15.
Nfe5 Nxe5 16. dxe5 Rfd8 17. Qe2 a4 18. Rfd1 axb3 19. axb3 Bg5 20. f4 Bxf4 21.
Bxf4 Nxf4 22. Qf3 Qa7+ 23. Kf1 Ng6 24. g3 Qd4 25. Qh5 Rd5 26. Kg2 Ra2+ 27. Rd2
Rxd2+ 28. Nxd2 Rxe5 29. Qd1 Qxd3 30. Nc4 Qxd1 31. Rxd1 Rb5 32. Rd8+ Kh7 33. Nd6
Rxb3 34. h4 Rb2+ 35. Kh3 Rf2 36. Rd7 b5 37. h5 Nf8 38. Rb7 b4 0-1

[Event "C.to Provinciale PR"]
[Site "Salsomaggiore Terme ITA"]
[Date "2016.03.19"]
[Round "3"]
[White "Gorini, Michele"]
[Black "Grillo, Francesco"]
[WhiteElo "1622"]
[BlackElo "1797"]
[Result "0-1"]
[PlyCount "118"]
[EventDate "2016.03.18"]

1. Nf3 d5 2. b3 Nf6 3. Bb2 Bf5 4. d3 e6 5. Nbd2 c5 6. g3 Nc6 7. Bg2 Be7 8. O-O
h6 9. Re1 O-O 10. a3 b5 11. e4 Bh7 12. Ne5 Rc8 13. Nxc6 Rxc6 14. Qe2 Re8 15. c4
bxc4 16. bxc4 dxe4 17. dxe4 Rb6 18. Rab1 Qb8 19. Bxf6 Bxf6 20. Rb5 a6 21. Rxb6
Qxb6 22. Rb1 Qc7 23. Rb3 Rb8 24. Rxb8+ Qxb8 25. Qe3 Bd4 26. Qb3 Qd8 27. Nf1 Kf8
28. h3 g5 29. Ne3 Kg7 30. Qd1 Qc7 31. Qe2 Bg6 32. Kh1 Qa5 33. Nc2 e5 34. f4
exf4 35. gxf4 gxf4 36. Nxd4 cxd4 37. Qf3 Qe1+ 38. Kh2 Qe3 39. c5 Qxf3 40. Bxf3
Kf6 41. Kg2 Ke5 42. c6 Kd6 43. e5+ Kc7 44. Kf2 Bc2 45. Bd5 Ba4 46. Bxf7 Bxc6
47. Bg6 Kd7 48. Bf5+ Ke7 49. e6 Bd5 50. Bd3 a5 51. Ke2 Kxe6 52. Kd2 Ke5 53. Bf1
f3 54. Bd3 Kf4 55. Bf1 Be4 56. Bb5 Kg3 57. Bf1 Kf2 58. Bc4 d3 59. Be6 Kg2 0-1

[Event "C.to Provinciale PR"]
[Site "Salsomaggiore Terme ITA"]
[Date "2016.03.19"]
[Round "3"]
[White "Mingione, Luigi"]
[Black "Ghirardi, Gianfranco"]
[WhiteElo "1756"]
[BlackElo "1616"]
[Result "1-0"]
[PlyCount "109"]
[EventDate "2016.03.18"]

1. e4 d6 2. d4 Nf6 3. Bd3 c6 4. f4 Nbd7 5. Nf3 e6 6. O-O Be7 7. c3 b5 8. Nbd2
Nb6 9. Qc2 h6 10. Nb3 a5 11. Qe2 a4 12. Nbd2 Bb7 13. e5 Nfd5 14. Ne4 Nc4 15.
Bxc4 bxc4 16. Nxd6+ Bxd6 17. exd6 Qxd6 18. Ne5 Ba6 19. f5 Nf6 20. Bf4 Qd5 21.
fxe6 Qxe6 22. Rae1 O-O-O 23. Qf3 Bb5 24. Ng6 Qg4 25. Qxg4+ Nxg4 26. Nxh8 Rxh8
27. Re7 c5 28. d5 g5 29. Bg3 h5 30. Rfxf7 Nh6 31. Rh7 Rxh7 32. Rxh7 Nf5 33.
Rc7+ Kd8 34. Rxc5 Bd7 35. Rxc4 Ne3 36. Rc5 Nd1 37. d6 Ke8 38. c4 Nxb2 39. Rc7
h4 40. Be5 Nd3 41. Bf6 Nb4 42. a3 Na6 43. Ra7 Nc5 44. Bxg5 h3 45. gxh3 Ne4 46.
Bf4 Nc5 47. h4 Ne6 48. Bg5 Nc5 49. h5 Ne4 50. Be7 Bf5 51. Rxa4 Nd2 52. Kf2 Ne4+
53. Ke3 Nc3 54. Ra8+ Kf7 55. Rf8+ 1-0

[Event "C.to Provinciale PR"]
[Site "Salsomaggiore Terme ITA"]
[Date "2016.03.19"]
[Round "3"]
[White "Pagani, Fausto"]
[Black "Plucani, Germano"]
[WhiteElo "1571"]
[BlackElo "1415"]
[Result "0-1"]
[PlyCount "62"]
[EventDate "2016.03.18"]

1. d4 Nf6 2. c4 g6 3. Nc3 Bg7 4. e4 d6 5. f3 O-O 6. Be3 Nbd7 7. Qd2 c5 8. d5
Qa5 9. Nge2 Ne5 10. h3 Nxc4 11. Qd3 Nxb2 12. Qc2 Nc4 13. Bf2 b5 14. Nc1 Nxd5
15. exd5 Bxc3+ 16. Kd1 Bxa1 17. Nb3 Qc3 18. Bxc4 bxc4 19. Qxc3 Bxc3 20. Nc1 Bd4
21. Bg3 Bb7 22. Re1 Rfe8 23. Ne2 Bxd5 24. Nxd4 cxd4 25. Bf2 e5 26. Kd2 Rab8 27.
Kc2 c3 28. Rb1 Rxb1 29. Kxb1 Rb8+ 30. Kc1 Bxa2 31. Bh4 d3 0-1

[Event "C.to Provinciale PR"]
[Site "Salsomaggiore Terme ITA"]
[Date "2016.03.19"]
[Round "3"]
[White "Salati, Paolo"]
[Black "Scotti, Luigi"]
[WhiteElo "1776"]
[BlackElo "1433"]
[Result "1-0"]
[PlyCount "83"]
[EventDate "2016.03.18"]

1. e4 g6 2. d4 Bg7 3. Nf3 d6 4. Nc3 Nd7 5. Be3 e6 6. Bd3 Ne7 7. Qd2 h6 8. O-O-O
a6 9. h4 b5 10. a3 Bb7 11. g4 Nb6 12. Qe2 Rc8 13. Nh2 O-O 14. Rhg1 d5 15. e5
Nc4 16. Bxc4 bxc4 17. Qd2 Kh7 18. f4 Ng8 19. Nf3 Bc6 20. h5 g5 21. fxg5 Be8 22.
Rdf1 Rb8 23. gxh6 Nxh6 24. Ng5+ Kg8 25. Nxe6 fxe6 26. Rxf8+ Bxf8 27. Bxh6 Bxh6
28. Qxh6 Qe7 29. Rf1 Bf7 30. g5 Qf8 31. Qxf8+ Rxf8 32. g6 Be8 33. Rxf8+ Kxf8
34. Ne2 Kg7 35. Kd2 Bd7 36. Ke3 a5 37. Kf4 Ba4 38. c3 Bd1 39. Ng3 a4 40. Kg5
Bc2 41. h6+ Kg8 42. Kf6 1-0

[Event "C.to Provinciale PR"]
[Site "Salsomaggiore Terme ITA"]
[Date "2016.03.19"]
[Round "3"]
[White "Taddia, Davide"]
[Black "Molinelli, Luigi"]
[WhiteElo "1459"]
[BlackElo "1286"]
[Result "1-0"]
[PlyCount "101"]
[EventDate "2016.03.18"]

1. d4 b6 2. Nc3 e6 3. d5 Bb7 4. dxe6 fxe6 5. Nf3 Nf6 6. Bg5 Be7 7. g3 Nd5 8.
Bd2 Nf6 9. Bg2 O-O 10. O-O Nd5 11. Re1 Bf6 12. e4 Nxc3 13. Bxc3 Bxc3 14. bxc3
Qe7 15. c4 Na6 16. Qe2 Nc5 17. Nd2 e5 18. a4 a5 19. f3 Ne6 20. Nb3 Rf7 21. c3
Ba6 22. Nd2 Raf8 23. Rf1 Nc5 24. Qe3 d6 25. Ra3 Bc8 26. Rf2 Bd7 27. Nb3 Nxa4
28. Bf1 Nc5 29. Nxc5 dxc5 30. Bd3 Rf6 31. f4 exf4 32. Rxf4 Rxf4 33. gxf4 Qh4
34. f5 Qg4+ 35. Qg3 Qd1+ 36. Kg2 Qd2+ 37. Kh3 Qh6+ 38. Qh4 Qd6 39. Qg3 Qxg3+
40. hxg3 g6 41. g4 gxf5 42. gxf5 Rf6 43. Ra2 Rh6+ 44. Kg4 Rh1 45. e5 Rg1+ 46.
Kf4 Bc6 47. f6 h5 48. Kf5 Rg3 49. Rd2 h4 50. Ke6 Kf8 51. Be4 1-0

[Event "C.to Provinciale PR"]
[Site "Salsomaggiore Terme ITA"]
[Date "2016.03.20"]
[Round "4"]
[White "Donelli, Sergio"]
[Black "Mingione, Luigi"]
[WhiteElo "1506"]
[BlackElo "1756"]
[Result "0-1"]
[PlyCount "96"]
[EventDate "2016.03.18"]

1. d4 f5 2. c4 Nf6 3. Nc3 e6 4. Nf3 Be7 5. g3 d5 6. cxd5 exd5 7. Bg2 O-O 8. O-O
c6 9. a3 Bd7 10. Bf4 Be8 11. Be5 Nbd7 12. e3 Nxe5 13. Nxe5 Ne4 14. Ne2 Bh5 15.
f3 Nf6 16. Qd2 Bd6 17. Nf4 Qe8 18. Ned3 Qe7 19. b4 Rae8 20. Rfe1 b6 21. Rac1
Rc8 22. Qa2 Bf7 23. Qd2 Rfe8 24. Bf1 Qd7 25. Ng2 Bh5 26. Qf2 g5 27. h4 g4 28.
Ngf4 gxf3 29. Nxh5 Nxh5 30. Nf4 Nf6 31. Qxf3 Kh8 32. Bh3 Rg8 33. Kh1 Rg7 34.
Rg1 Rcg8 35. Kh2 Bxf4 36. gxf4 Ne4 37. Qh5 Rxg1 38. Rxg1 Rxg1 39. Bxf5 Rh1+ 40.
Kg2 Qg7+ 41. Bg6 Re1 42. f5 Kg8 43. Kh2 hxg6 44. fxg6 Rf1 45. Qg4 Rf6 46. Qc8+
Qf8 47. Qxf8+ Kxf8 48. h5 Kg7 0-1

[Event "C.to Provinciale PR"]
[Site "Salsomaggiore Terme ITA"]
[Date "2016.03.20"]
[Round "4"]
[White "Fischetti, Luciano"]
[Black "Molinelli, Luigi"]
[WhiteElo "1552"]
[BlackElo "1286"]
[Result "1-0"]
[PlyCount "107"]
[EventDate "2016.03.18"]

1. f4 b6 2. Nf3 Bb7 3. e3 e6 4. g3 Nf6 5. Bg2 d5 6. O-O Nbd7 7. c3 Be7 8. d3
O-O 9. Qc2 Rc8 10. Nbd2 c5 11. b3 Rc7 12. Bb2 c4 13. bxc4 dxc4 14. d4 Qc8 15.
Rae1 Re8 16. e4 Nf8 17. e5 Nd5 18. Ne4 Qd8 19. Qf2 b5 20. Nfg5 b4 21. Nc5 Bxc5
22. dxc5 bxc3 23. Ba3 Qc8 24. Be4 g6 25. Nf3 Rd8 26. Nd4 Qa8 27. Nb5 Rcd7 28.
Nd6 Bc6 29. g4 Ne7 30. Qc2 Nd5 31. f5 Rc7 32. h4 Ne7 33. f6 Bxe4 34. Rxe4 Nd5
35. Qc1 Nd7 36. Qh6 N7xf6 37. exf6 Nxf6 38. Rxf6 Rdd7 39. Rxc4 Qd5 40. Qf4 Qd1+
41. Kf2 Qc2+ 42. Ke1 Qb1+ 43. Bc1 Re7 44. Rxc3 Qxa2 45. Qe5 Qg2 46. Rf4 Qd5 47.
Re4 Qxe5 48. Rxe5 Rc6 49. Rb3 Kg7 50. Bb2 f6 51. Re2 e5 52. Rb7 Rec7 53. Rxc7+
Rxc7 54. Ne8+ 1-0

[Event "C.to Provinciale PR"]
[Site "Salsomaggiore Terme ITA"]
[Date "2016.03.20"]
[Round "4"]
[White "Ghirardi, Gianfranco"]
[Black "Salati, Paolo"]
[WhiteElo "1616"]
[BlackElo "1776"]
[Result "0-1"]
[PlyCount "134"]
[EventDate "2016.03.18"]

1. d4 d5 2. Nf3 Nf6 3. e3 Bg4 4. h3 Bh5 5. Be2 e6 6. Nbd2 Be7 7. Nb3 Nbd7 8.
Bd2 O-O 9. Nc1 Ne4 10. Nd3 Rc8 11. Nf4 Bxf3 12. Bxf3 Ndf6 13. c3 c5 14. O-O
cxd4 15. exd4 Nxd2 16. Qxd2 Bd6 17. Nd3 Re8 18. Rfe1 b6 19. g3 Qc7 20. Kg2 h6
21. Ne5 Rcd8 22. Qf4 Bxe5 23. dxe5 Nh7 24. h4 Qe7 25. Rad1 Rc8 26. Be2 Nf8 27.
Qe3 Qc5 28. Qd3 Qc6 29. Kh3 Qc7 30. f4 Nd7 31. Bg4 Nc5 32. Qf1 Ne4 33. h5 Qc4
34. Qg2 Qc5 35. Rd4 Qe7 36. Bf3 Nc5 37. g4 Nd7 38. g5 hxg5 39. fxg5 Kh8 40. Qd2
Qf8 41. Bd1 f6 42. Rf4 Rc4 43. gxf6 Rxf4 44. Qxf4 gxf6 45. exf6 Qxf6 46. Qd4
Qxd4 47. cxd4 Re7 48. Rf1 Kg7 49. Rf4 Kh6 50. Kh4 e5 51. dxe5 Rxe5 52. Rf7 Re4+
53. Bg4 Rxg4+ 54. Kh3 Ne5 55. Rxa7 d4 56. Rb7 Kxh5 57. Rxb6 Re4 58. Kg3 d3 59.
Rb5 Kg5 60. a4 Kf5 61. a5 Rd4 62. a6 d2 63. a7 d1=Q 64. Rxe5+ Kxe5 65. a8=Q
Qg4+ 66. Kf2 Rd2+ 67. Ke3 Qe2# 0-1

[Event "C.to Provinciale PR"]
[Site "Salsomaggiore Terme ITA"]
[Date "2016.03.20"]
[Round "4"]
[White "Grillo, Francesco"]
[Black "Balestra, Stefano"]
[WhiteElo "1797"]
[BlackElo "1724"]
[Result "1/2-1/2"]
[PlyCount "76"]
[EventDate "2016.03.18"]

1. c4 Nf6 2. g3 g6 3. Bg2 Bg7 4. Nc3 d6 5. a3 O-O 6. b4 e5 7. e4 Be6 8. d3 Nc6
9. Nge2 Nd4 10. Be3 Ng4 11. O-O Nxe3 12. fxe3 Nxe2+ 13. Qxe2 Qd7 14. Rf2 f5 15.
Raf1 c6 16. Nd1 Bh6 17. exf5 Bxf5 18. e4 Bg4 19. Bf3 Bh3 20. Bg2 Rxf2 21. Rxf2
Bg4 22. Bf3 Bxf3 23. Rxf3 Rf8 24. Kg2 Rxf3 25. Qxf3 Qf7 26. Ne3 Qxf3+ 27. Kxf3
Kf7 28. a4 Ke6 29. h4 a6 30. b5 axb5 31. cxb5 Bxe3 32. Kxe3 cxb5 33. axb5 d5
34. d4 exd4+ 35. Kxd4 dxe4 36. Kxe4 b6 37. g4 h6 38. h5 g5 1/2-1/2

[Event "C.to Provinciale PR"]
[Site "Salsomaggiore Terme ITA"]
[Date "2016.03.20"]
[Round "4"]
[White "Magri, Leonardo"]
[Black "Plucani, Germano"]
[WhiteElo "1733"]
[BlackElo "1414"]
[Result "1-0"]
[PlyCount "65"]
[EventDate "2016.03.18"]

1. c4 Nf6 2. g3 g6 3. Bg2 Bg7 4. Nc3 d6 5. Nf3 O-O 6. O-O e5 7. d3 Nc6 8. Rb1
a5 9. a3 Nh5 10. Nd5 Ne7 11. Nxe7+ Qxe7 12. Qc2 f5 13. b4 axb4 14. axb4 f4 15.
Bb2 Bd7 16. b5 fxg3 17. fxg3 Nf6 18. Nd2 c6 19. bxc6 Bxc6 20. Ra1 Rxa1 21. Rxa1
Ng4 22. Bxc6 bxc6 23. Nf1 Qf6 24. e4 Bh6 25. Qe2 Qf2+ 26. Qxf2 Rxf2 27. Ba3 Rf6
28. Ra2 Ne3 29. Nxe3 Bxe3+ 30. Kg2 Kg7 31. Bb4 c5 32. Be1 Bd4 33. Ra7+ 1-0

[Event "C.to Provinciale PR"]
[Site "Salsomaggiore Terme ITA"]
[Date "2016.03.20"]
[Round "4"]
[White "Panizzi, Giuseppe"]
[Black "Brogneri, Giovanni"]
[WhiteElo "2091"]
[BlackElo "1843"]
[Result "1/2-1/2"]
[PlyCount "83"]
[EventDate "2016.03.18"]

1. c4 d6 2. Nc3 e5 3. Nf3 Be6 4. e4 f5 5. d4 fxe4 6. Nxe4 exd4 7. Nxd4 Qe7 8.
Nxe6 Qxe6 9. Bd3 Nd7 10. O-O O-O-O 11. Re1 Ngf6 12. Bg5 Qf7 13. Nc3 h6 14. Bh4
g5 15. Bg3 Nh5 16. Qc2 Nxg3 17. fxg3 Ne5 18. Rf1 Qg8 19. Bf5+ Kb8 20. Nd5 c6
21. Ne3 h5 22. b3 g4 23. Rad1 Bh6 24. Rde1 Bxe3+ 25. Rxe3 Qg5 26. Ree1 h4 27.
c5 hxg3 28. hxg3 Rdf8 29. cxd6 Nf3+ 30. gxf3 gxf3 31. Rxf3 Qh5 32. Qg2 Rxf5 33.
Rxf5 Qxf5 34. Qe4 Qc5+ 35. Kg2 Qxd6 36. Qf4 Rd8 37. Rd1 Qxf4 38. Rxd8+ Kc7 39.
gxf4 Kxd8 40. Kf3 Ke7 41. Ke4 Kf6 42. a4 1/2-1/2

[Event "C.to Provinciale PR"]
[Site "Salsomaggiore Terme ITA"]
[Date "2016.03.20"]
[Round "4"]
[White "Paoli, Walter"]
[Black "De Santis, Alessio"]
[WhiteElo "1947"]
[BlackElo "2306"]
[Result "1/2-1/2"]
[PlyCount "30"]
[EventDate "2016.03.18"]

1. Nf3 b6 2. d4 Bb7 3. e3 e6 4. Bd3 f5 5. O-O Nf6 6. b3 Be7 7. c4 O-O 8. Bb2
Ne4 9. Nfd2 d5 10. Bxe4 dxe4 11. f3 exf3 12. Nxf3 Nd7 13. Nbd2 Bf6 14. Qe2 c5
15. Rad1 Qc7 1/2-1/2

[Event "C.to Provinciale PR"]
[Site "Salsomaggiore Terme ITA"]
[Date "2016.03.20"]
[Round "4"]
[White "Peloni, Davide"]
[Black "Boasso, Andrea"]
[WhiteElo "1618"]
[BlackElo "1440"]
[Result "1/2-1/2"]
[PlyCount "70"]
[EventDate "2016.03.18"]

1. e4 c5 2. Nc3 Nc6 3. f4 e6 4. Nf3 d5 5. Bb5 Nge7 6. d3 g6 7. O-O Bg7 8. Ba4
O-O 9. Qe1 h6 10. Bb3 Nd4 11. Qh4 Nxf3+ 12. Rxf3 b6 13. Rh3 Nc6 14. Qg3 Kh7 15.
f5 exf5 16. Bxd5 f4 17. Bxf4 Bxh3 18. Bxc6 Rc8 19. Bb7 Be6 20. Bxc8 Bxc8 21.
Rf1 Qd4+ 22. Kh1 Be6 23. Bd6 Rd8 24. e5 Qb4 25. Nd1 Qa4 26. Ne3 Qxa2 27. b3 Qb2
28. h3 Qd4 29. Ng4 Bxg4 30. Qxg4 Qd5 31. Qf4 Rd7 32. Qa4 Qb7 33. Qc4 a6 34. Qf4
Qd5 35. Qa4 Qb7 1/2-1/2

[Event "C.to Provinciale PR"]
[Site "Salsomaggiore Terme ITA"]
[Date "2016.03.20"]
[Round "4"]
[White "Scotti, Luigi"]
[Black "Pagani, Fausto"]
[WhiteElo "1433"]
[BlackElo "1571"]
[Result "0-1"]
[PlyCount "50"]
[EventDate "2016.03.18"]

1. d4 d5 2. Nf3 Nf6 3. e3 e6 4. Bd3 c5 5. c3 Nc6 6. Nbd2 c4 7. Bc2 a6 8. O-O
Be7 9. Ne5 Qc7 10. f4 b5 11. e4 b4 12. exd5 Nxe5 13. fxe5 Nxd5 14. Ba4+ Bd7 15.
Bxd7+ Qxd7 16. Nxc4 bxc3 17. b3 O-O 18. Qg4 f5 19. exf6 Rxf6 20. Rxf6 Bxf6 21.
Ba3 Re8 22. Nd6 Be7 23. Nxe8 Bxa3 24. Re1 c2 25. Qxe6+ Qxe6 0-1

[Event "C.to Provinciale PR"]
[Site "Salsomaggiore Terme ITA"]
[Date "2016.03.20"]
[Round "4"]
[White "Taddia, Davide"]
[Black "De Simone Sorrentino, Fabio"]
[WhiteElo "1459"]
[BlackElo "1679"]
[Result "0-1"]
[PlyCount "60"]
[EventDate "2016.03.18"]

1. d4 d5 2. Nc3 c6 3. Nf3 Nf6 4. Bg5 Nbd7 5. Qd3 e6 6. Ne5 Be7 7. h4 Nxe5 8.
dxe5 Nd7 9. Qg3 Bxg5 10. hxg5 Nf8 11. e3 Qb6 12. O-O-O c5 13. Rh3 Bd7 14. Be2
Bc6 15. Bh5 Qc7 16. Be2 O-O-O 17. Nb5 Bxb5 18. Bxb5 Qa5 19. Be2 Qxa2 20. Rd3
Qa1+ 21. Kd2 Qxb2 22. Rb3 Qa2 23. Rc3 Qa5 24. Qf4 Rd7 25. Bh5 Rc7 26. Bxf7 d4
27. g6 Qxc3+ 28. Ke2 Qxc2+ 29. Kf3 Nxg6 30. Bxg6 Qxg6 0-1